Evénements du 3 décembre - Statistiques

Statistiques générales
  • Ce quiz a été pris 40 fois
  • Le résultat moyen est 8 sur 15
Statistiques - réponses
Hint Réponse % Correct
Sadi-Carnot est élu président de la République en France 1887
76%
Khomeini devient le guide suprême de la révolution iranienne 1979
73%
Naissance du futur roi Charles VI de France 1368
67%
Attentat dans le RER B station Port-Royal et Mort de l'historien Georges Duby 1996
58%
La Playstation sort au Japon 1994
55%
Election du pape Zacharie 741
55%
L'Illinois devient le 21e état américain 1818
48%
Andrew Jackson est élu président des Etats-Unis 1829
48%
Mort du peintre Pierre Renoir 1919
48%
Mort de St François-Xavier en Chine 1552
45%
Victoire française de Hohenlinden 1800
45%
Première transplantation cardiaque humaine par le Pr Barnard 1967
42%
Naissance du coureur cycliste Joop Zoetemelk 1946
39%
Première de la pièce Un tramway nommé désir 1947
36%
Catastrophe chimique de Bhopal en Inde 1984
33%
Aucun quiz correspondant
Distribution des résultats
% des personnes avec chaque résultat
Percentile par nombre de réponses
Votre historique - résultats
Vous n’avez pas pris ce quiz